| 000 | 00983nam a22002417a 4500 | ||
|---|---|---|---|
| 003 | dpl0 | ||
| 005 | 20180717122932.0 | ||
| 008 | 080822t xxu||||| |||| 00| 0 eng d | ||
| 010 | _aB-284560 | ||
| 020 |
_a8180544362 _c385.00 |
||
| 035 | _aB-284560,B-274921 | ||
| 037 | _aSultan Chand | ||
| 040 |
_aDPL _bENG _c0 |
||
| 082 | _a657.42 | ||
| 100 | _aMaheshwari, S.N. | ||
| 245 |
_aCost and management accounting: _bfor Company Secretaries Intermediate Examination (OS&NS) and similar courses / _cby S.N.Maheshwari |
||
| 250 | _a13th ed. | ||
| 260 |
_aNew Delhi _bSultan Chand & Sons _c2008(repr.) |
||
| 300 |
_aVarious pagings; _b24cm (pbk) |
||
| 942 |
_2ddc _cEN _h657.42 _mMAH |
||
| 999 |
_c14991 _d14991 |
||